00401 2200157 4500001002100000008004100021035002000062245003600082100001500118260003200133300002200165020002200187084001400209082000800223990001200231INLIS000000000002864 IND  a0010-0925000211 aKamu Adalah CintakucArini N.H. aArini N.H. aJakartabRumah Oranyec2013 a268c(13 x 19 cm) a978-602-1588-21-5 a813 ARI c a813 a0755086